| 000 | 00888cad a22002535a 4500 | ||
|---|---|---|---|
| 001 | L158869 | ||
| 008 | 121219e2015 xxk 000 0 eng d | ||
| 035 | _a(Sirsi) u158869 | ||
| 041 | 0 | _aeng | |
| 100 | 1 | _aBrady, Liam | |
| 245 | 0 | 0 |
_aReaping the benefits _h[electronic resource] |
| 260 | _c2015 | ||
| 490 |
_aRICS Property Journal _vSep-Oct 2015, 24-27(4) |
||
| 520 | _aAssess the effectiveness of BIM technology and Soft Landings in the restoration of Manchester Central Library. | ||
| 650 | 2 | 4 | _aCOLLABORATIVE BIM |
| 650 | 2 | 4 | _aGRADE II LISTED BUILDING |
| 650 | 2 | 4 | _aASSET MANAGEMENT |
| 650 | 2 | 4 | _aSOFT LANDINGS |
| 651 | 4 |
_aUnited Kingdom _y |
|
| 690 |
_aBIM _96219 |
||
| 710 |
_aRoyal Institution of Chartered Surveyors _94900 |
||
| 856 | 4 | 0 |
_uhttps://www.rics.org/uk/news/journals/property-journal _zView the journal free of charge at www.rics.org/journals... |
| 942 | _n0 | ||
| 999 |
_c84716 _d84716 |
||